000 00823cam a22002774a 4500
999 _c4156
_d4156
001 4156
003 BD-JhCC
005 20190828134017.0
008 000502s2000 maua b 000 0 eng
020 _a0875847706 (alk. paper)
035 _a(BD-JhCC)4156
040 _aDLC
_cDLC
_dVET
_d(BD-JhCC)
041 _aeng
050 0 0 _aBC199.P7.Z36 2000
082 0 0 _a158.1
_222
_bZAN 2000
100 1 _aZander, Rosamund Stone,
_d1942-
245 1 4 _aThe art of possibility /
_cRosamund Stone Zander, Benjamin Zander.
260 _aBoston, Mass. :
_bHarvard Business School Press,
_cc2000.
300 _aix, 206 p. :
_bill. ;
_c23 cm.
504 _aIncludes bibliographical references.
650 0 _aPossibility.
650 0 _aConduct of life
700 1 _aZander, Benjamin,
_d1939-
942 _2ddc
_cBK
_03